00338nam a22001457a 4500003000700000005001700007008004100024082001900065100001700084245002200101260003300123300000800156490002300164650000500187MPLRDC20220104124607.0210129b ||||| |||| 00| 0 eng d a859.4 HOCS v.7 a赵明改编 a骄傲的天鹅c ab香港海鸥出版公司c b平 a海鸥彩色丛书 a